<?xml version="1.0" encoding="UTF-8"?>
<record
    xmlns:xsi="http://www.w3.org/2001/XMLSchema-instance"
    xsi:schemaLocation="http://www.loc.gov/MARC21/slim http://www.loc.gov/standards/marcxml/schema/MARC21slim.xsd"
    xmlns="http://www.loc.gov/MARC21/slim">

  <leader>02737nam a2200289 a 4500</leader>
  <controlfield tag="005">20241101104125.0</controlfield>
  <controlfield tag="008">100623s2015||||ag a   g |||| 001 0dspa d</controlfield>
  <datafield tag="020" ind1=" " ind2=" ">
    <subfield code="a">S/N</subfield>
  </datafield>
  <datafield tag="041" ind1=" " ind2=" ">
    <subfield code="a">spa</subfield>
  </datafield>
  <datafield tag="092" ind1=" " ind2=" ">
    <subfield code="c">610.8</subfield>
    <subfield code="l">66</subfield>
    <subfield code="s">PEL</subfield>
  </datafield>
  <datafield tag="100" ind1="1" ind2=" ">
    <subfield code="a">Pel&#xE1;ez, Victor</subfield>
    <subfield code="9">4084</subfield>
  </datafield>
  <datafield tag="245" ind1=" " ind2=" ">
    <subfield code="a">Cosas de Neuqu&#xE9;n.</subfield>
    <subfield code="b">Fechas importantes. M&#xE9;dicos y medicina / </subfield>
    <subfield code="c">Victor Pel&#xE1;ez</subfield>
  </datafield>
  <datafield tag="250" ind1=" " ind2=" ">
    <subfield code="a">1a ed.</subfield>
  </datafield>
  <datafield tag="260" ind1=" " ind2=" ">
    <subfield code="a">Neuqu&#xE9;n [Neuqu&#xE9;n ; Argentina]: </subfield>
    <subfield code="b">EDUCO;</subfield>
    <subfield code="c">2015.</subfield>
  </datafield>
  <datafield tag="300" ind1=" " ind2=" ">
    <subfield code="a">145 p.</subfield>
    <subfield code="b">il.</subfield>
  </datafield>
  <datafield tag="500" ind1=" " ind2=" ">
    <subfield code="a">Pel&#xE1;ez, V. (2013). Cosas de Neuqu&#xE9;n. Fechas importantes. M&#xE9;dicos y medicina. (1a ed.). Neuqu&#xE9;n : EDUCO.</subfield>
  </datafield>
  <datafield tag="505" ind1=" " ind2=" ">
    <subfield code="a">Estas p&#xE1;ginas, a las que he llamado Cosas de Neuqu&#xE9;n, son una recopilaci&#xF3;n de fechas que creo importantes en la historia neuquina, en general y en la historia de la medicina neuquina, en particular. Inicio esta cronolog&#xED;a en el a&#xF1;o 1833 cuando, aunque ya se estaba gestando la Patagonia, Neuqu&#xE9;n no exist&#xED;a ni siquiera como Territorio Nacional. A partir de 1904 -a&#xF1;o de la fundaci&#xF3;n de la capital- me refiero casi exclusivamente a fechas relevantes de la ciudad de Neuqu&#xE9;n. Concluyo esta recopilaci&#xF3;n en la d&#xE9;cada del '80. Desde sus inicios, en pocos a&#xF1;os, Neuqu&#xE9;n tuvo un profundo desarrollo, lo cual es un logro de sus propios protagonistas. Desde aquella primera panader&#xED;a de Don Pedro Linares inaugurada en 1905, mucho m&#xE1;s se ha realizado, gracias a la solidaridad y al trabajo organizado de la poblaci&#xF3;n. Algunas de las referencias aqu&#xED; contenidas las le&#xED;, otras las escuch&#xE9; y las hay tambi&#xE9;n aquellas de las que fui espectador y a&#xFA;n donde tuve cierto protagonismo. Soy consciente que alguna de estas p&#xE1;ginas puede carecer de rigor historiogr&#xE1;fico. Hay ciertos pasajes que est&#xE1;n m&#xE1;s cerca de la leyenda que de la realidad. Pero, tengamos en cuenta que estos relatos formaban parte de las creencias populares, que sin duda, al pasar de boca en boca se iban deformando y, lo m&#xE1;s frecuente, exagerando. No por ello pierden su valor hist&#xF3;rico. En definitiva, es lo que est&#xE1; incorporado en el imaginario colectivo como un hecho real. Como pose&#xED;a estos conocimientos, he querido compartirlos y ponerlos a consideraci&#xF3;n de todos aquellos aficionados a la historia.   </subfield>
  </datafield>
  <datafield tag="590" ind1=" " ind2=" ">
    <subfield code="a">Donaci&#xF3;n del autor, 2019</subfield>
  </datafield>
  <datafield tag="653" ind1=" " ind2=" ">
    <subfield code="a">C&#xF3;mo estas tierras llegaron a ser el Territorio Nacional del Neuqu&#xE9;n</subfield>
  </datafield>
  <datafield tag="653" ind1="4" ind2=" ">
    <subfield code="a">Los Primeros quince a&#xF1;os de Neuqu&#xE9;n capital</subfield>
  </datafield>
  <datafield tag="653" ind1=" " ind2=" ">
    <subfield code="a">25 a&#xF1;os pujantes 1927-1952</subfield>
  </datafield>
  <datafield tag="653" ind1=" " ind2=" ">
    <subfield code="a">Tenemos provincia</subfield>
  </datafield>
  <datafield tag="653" ind1=" " ind2=" ">
    <subfield code="a">Cinco recuerdos de los a&#xF1;os '60 y '70</subfield>
  </datafield>
  <datafield tag="653" ind1=" " ind2=" ">
    <subfield code="a">M&#xE9;dicos y medicina en Neuqu&#xE9;n</subfield>
  </datafield>
  <datafield tag="653" ind1=" " ind2=" ">
    <subfield code="a">Anexos: Censos nacionales y registros demogr&#xE1;ficos locales; Gobernadores de Neuqu&#xE9;n y Autoridades municipales de Neuqu&#xE9;n capital.</subfield>
  </datafield>
  <datafield tag="942" ind1=" " ind2=" ">
    <subfield code="2">ddc</subfield>
    <subfield code="c">BK</subfield>
  </datafield>
  <datafield tag="999" ind1=" " ind2=" ">
    <subfield code="c">3028</subfield>
    <subfield code="d">3028</subfield>
  </datafield>
  <datafield tag="952" ind1=" " ind2=" ">
    <subfield code="0">0</subfield>
    <subfield code="1">0</subfield>
    <subfield code="2">ddc</subfield>
    <subfield code="4">0</subfield>
    <subfield code="7">0</subfield>
    <subfield code="a">BFM</subfield>
    <subfield code="b">BFM</subfield>
    <subfield code="c">CR</subfield>
    <subfield code="d">2019-09-02</subfield>
    <subfield code="e">Donaci&#xF3;n autor, Agosto 2019</subfield>
    <subfield code="l">0</subfield>
    <subfield code="o">610.8272 66 PEL</subfield>
    <subfield code="p">4560</subfield>
    <subfield code="r">2019-09-02</subfield>
    <subfield code="t">Ej.1</subfield>
    <subfield code="w">2019-09-02</subfield>
    <subfield code="y">LIT</subfield>
    <subfield code="z">Proyecto 4to libro Donaci&#xF3;n autor, Agosto 2019</subfield>
  </datafield>
  <datafield tag="952" ind1=" " ind2=" ">
    <subfield code="0">0</subfield>
    <subfield code="1">0</subfield>
    <subfield code="2">ddc</subfield>
    <subfield code="4">0</subfield>
    <subfield code="7">0</subfield>
    <subfield code="a">BFM</subfield>
    <subfield code="b">BFM</subfield>
    <subfield code="c">CR</subfield>
    <subfield code="d">2019-09-04</subfield>
    <subfield code="e">Donaci&#xF3;n autor, Agosto 2019</subfield>
    <subfield code="l">1</subfield>
    <subfield code="m">1</subfield>
    <subfield code="o">610.8272 66 PEL</subfield>
    <subfield code="p">4562</subfield>
    <subfield code="r">2026-03-20</subfield>
    <subfield code="s">2025-10-08</subfield>
    <subfield code="t">Ej.2</subfield>
    <subfield code="w">2019-09-04</subfield>
    <subfield code="y">LIT</subfield>
    <subfield code="z">Proyecto 4to libro Donaci&#xF3;n autor, Agosto 2019</subfield>
  </datafield>
</record>
